000 00607nam a22002297a 4500
005 20170124110120.0
010 _a764589
020 _c00.00
035 _a764589
037 _bCen Lib/Ret
040 _aDPL
_bEN
082 _a972.92
_bMIK
100 _aMikes, George
_930514
245 _aNot by sun alone /
_cby George Mikes
260 _aLondon
_bAndre Deutsch
_c1967
270 _aLondon
_bLondon
300 _a142p. :
_c21cm(Hb)
_bill.
650 _aNational characteristics, Jamaican
_930515
650 _aTravel
_925007
700 _930461
942 _2ddc
_cEN
_h972.92
_mMIK
999 _c130970
_d130970